[Event "FSIM March"]
[Site "Budapest HUN"]
[Date "2008.03.11"]
[Round "10"]
[White "Llaneza Vega,P"]
[Black "Szamoskozi,G"]
[Result "1/2-1/2"]
[WhiteElo "2281"]
[BlackElo "2280"]

1.e4 c5 2.Nf3 Nc6 3.Nc3 e5 4.Bc4 Be7 5.O-O d6 6.h3 Nf6 7.d3 O-O 8.a4 h6 9.Re1 a6
10.Nd2 Rb8 11.Nf1 Nd4 12.Ne3 b5 13.axb5 axb5 14.Ba2 b4 15.Ncd5 b3 16.Bxb3 Nxb3
17.cxb3 Nxd5 18.Nxd5 Bg5 19.Bxg5 Qxg5 20.Re3 Be6 21.Rg3 Qh4 22.Ne3 Rb6 23.Nc4  1/2-1/2

[Event "FSGM March"]
[Site "Budapest HUN"]
[Date "2008.03.13"]
[Round "12"]
[White "Bui Vinh"]
[Black "Nguyen Huynh Minh Huy"]
[Result "1/2-1/2"]
[WhiteElo "2482"]
[BlackElo "2398"]

1.e4 c5 2.Nc3 Nc6 3.Nf3 d6 4.Bb5 Bd7 5.Bxc6 Bxc6 6.d4 cxd4 7.Qxd4 Nf6 8.Bg5 e6
9.O-O-O Be7 10.Rhe1 O-O 11.Kb1 Re8  1/2-1/2

[Event "ch-UKR Girls u20"]
[Site "Odessa UKR"]
[Date "2008.03.14"]
[Round "10"]
[White "Tsirulnik,Mari"]
[Black "Muzychuk,M"]
[Result "1/2-1/2"]
[WhiteElo "2060"]
[BlackElo "2357"]

1.e4 c5 2.Nf3 Nc6 3.Nc3 Nf6 4.d4 cxd4 5.Nxd4 e5 6.Ndb5 d6 7.Bg5 a6 8.Na3 b5
9.Nd5 Be7 10.Bxf6 Bxf6 11.c3 Bg5 12.Nc2 Rb8 13.b4 Ne7 14.Nce3 Bxe3 15.Nxe3 Qc7
16.Qc2 O-O 17.Bd3 Be6 18.O-O h6 19.a4 d5 20.axb5 dxe4 21.b6 Rxb6 22.Bxa6 f5
23.Rfc1 f4 24.Nd1 Bf5 25.Qa2+ Kh7 26.Bf1 Rd8 27.Qa7 Rb7 28.Qa5 Qb8 29.b5 Rc8
30.c4 Qd6 31.Nc3 e3 32.fxe3 fxe3 33.Rd1 Qf6 34.Re1 Qg5 35.Nd1 e2 36.Bxe2 Ng6
37.Bf1 Nh4 38.Qc3 Rxb5 39.Qg3 Rbc5 40.Qxg5 hxg5 41.Ne3 Bg6 42.Nd5 Re8 43.Ra7 Re6
44.Re3 Nf5  1/2-1/2

[Event "ch-Siberia"]
[Site "Novokuznetsk RUS"]
[Date "2008.03.15"]
[Round "3"]
[White "Fellenger,A"]
[Black "Tuzhik,A"]
[Result "1/2-1/2"]
[WhiteElo "2201"]
[BlackElo "2313"]

1.e4 c5 2.Nf3 Nc6 3.Nc3 g6 4.g3 Bg7 5.Bg2 e6 6.O-O Nge7 7.d3 O-O 8.Be3 d6
9.Qd2 Nd4 10.Nh4 Rb8 11.Nd1 e5 12.c3 Ne6 13.Bh6 d5 14.Bxg7 Kxg7 15.exd5 Nxd5
16.Bxd5 Qxd5 17.Ne3 Qd8 18.Ng4 f6 19.Qh6+ Kg8 20.Nxg6 hxg6 21.Qxg6+ Ng7 22.Nh6+ Kh8
23.Nf7+ Rxf7 24.Qxf7 Kh7 25.Qc4 b6 26.Qh4+ Kg8 27.f4 Qxd3 28.fxe5 f5 29.Rad1 Qe3+
30.Rf2 Qxe5 31.Rd8+ Kf7 32.Qh8  1/2-1/2

[Event "TCh-HUN 2007-8"]
[Site "Budapest HUN"]
[Date "2008.03.16"]
[Round "8"]
[White "Molnar,Be"]
[Black "Rovid,K"]
[Result "1-0"]
[WhiteElo "2372"]
[BlackElo "2296"]

1.e4 c5 2.Nf3 Nc6 3.Nc3 e5 4.Bc4 Be7 5.d3 Nf6 6.Ng5 O-O 7.f4 d6 8.O-O h6
9.Nf3 exf4 10.Bxf4 Be6 11.Nd5 Bxd5 12.Bxd5 Nxd5 13.exd5 Nb4 14.c4 Bf6 15.a3 Na6
16.Rb1 Qd7 17.Qd2 g5 18.Bg3 Bg7 19.h4 g4 20.Nh2 f5 21.Bf4 Kh7 22.Rfe1 Nc7
23.b4 b6 24.bxc5 dxc5 25.Re2 Rae8 26.Rbe1 Rxe2 27.Rxe2 Re8 28.Nf1 Bd4+ 29.Kh1 Qd8
30.g3 Bg7 31.Ne3 Rf8 32.Ng2 Re8 33.h5 Bf6 34.Bxc7 Rxe2 35.Qxe2 Qxc7 36.Qe8 Qg7
37.d6 Bg5 38.d7 Qf6 39.Qa8 a5 40.Qd5 Kg7 41.Nf4 Qa1+ 42.Kh2 Qb2+ 43.Ng2 Qf6
44.a4 Kf8 45.Nf4 Qb2+ 46.Kg1 Qa1+ 47.Kf2 Qb2+ 48.Ne2 Qf6 49.Kg2 Kg7 50.d4 Qe7
51.Kf1 Qf6 52.Nf4  1-0

[Event "39th Open"]
[Site "Mar del Plata ARG"]
[Date "2008.03.16"]
[Round "3"]
[White "Alonso,S"]
[Black "Celestino,G"]
[Result "1-0"]
[WhiteElo "2404"]
[BlackElo "2167"]

1.e4 c5 2.Nf3 Nc6 3.Nc3 e5 4.Bc4 Be7 5.d3 Nf6 6.Ng5 O-O 7.f4 exf4 8.Bxf4 d6
9.O-O Bg4 10.Qe1 Bh5 11.Nf3 a6 12.a3 b5 13.Ba2 Qd7 14.Nd5 Nxd5 15.Bxd5 Rac8
16.c3 Qg4 17.Bg3 Rfd8 18.a4 Qd7 19.axb5 axb5 20.Ra6 Qb7 21.Ra2 Ra8 22.Rxa8 Qxa8
23.Bh4 Re8 24.Bxe7  1-0

[Event "LIV Abierto Mexicano de Ajedrez"]
[Site "Aguascalientes MEX"]
[Date "2008.03.19"]
[Round "2"]
[White "Ibarra Chami,L"]
[Black "Medina,Ja"]
[Result "1-0"]
[WhiteElo "2364"]
[BlackElo "2167"]

1.e4 c5 2.Nc3 Nc6 3.Bb5 g6 4.Bxc6 bxc6 5.f4 d6 6.Nf3 Bg7 7.O-O Nf6 8.d3 O-O
9.Qe1 Bg4 10.Nh4 Bd7 11.h3 Rb8 12.b3 Qc7 13.Be3 Rbe8 14.Ne2 Bc8 15.Rd1 e5
16.f5 Nd7 17.g4 d5 18.Qg3 d4 19.Bd2 Qd6 20.g5 f6 21.fxg6 fxg5 22.gxh7+ Kxh7
23.Qxg5 Rxf1+ 24.Rxf1 Qe7 25.Qg6+ Kg8 26.Nf5  1-0

[Event "2nd Agzamov Memorial"]
[Site "Tashkent UZB"]
[Date "2008.03.19"]
[Round "1"]
[White "Fedorov,Alex"]
[Black "Gubaydulin,T"]
[Result "1-0"]
[WhiteElo "2607"]
[BlackElo "2211"]

1.e4 c5 2.Nf3 Nc6 3.Nc3 g6 4.d4 cxd4 5.Nxd4 Bg7 6.Be3 Nf6 7.Bc4 O-O 8.Bb3 d6
9.f3 Bd7 10.h4 Na5 11.h5 Nxh5 12.g4 Nf6 13.Qd2 Bxg4 14.fxg4 Nxg4 15.Bg5 Qb6
16.O-O-O e6 17.Ndb5 Nxb3+ 18.axb3 Qa5 19.Kb1 Rfc8 20.Nxd6 Rxc3 21.e5 Qxe5
22.bxc3 Nf2 23.Qxf2 Qxc3 24.Qxf7+ Kh8 25.Rxh7+  1-0

[Event "Romanian Young Int"]
[Site "Bucharest ROM"]
[Date "2008.03.20"]
[Round "7"]
[White "Padurariu,I"]
[Black "Miron,L"]
[Result "0-1"]
[WhiteElo "2243"]
[BlackElo "2408"]

1.e4 c5 2.Nc3 Nc6 3.Bb5 Nd4 4.Bc4 e6 5.Nge2 Nf6 6.O-O a6 7.d3 b5 8.Bb3 Nxb3
9.axb3 Bb7 10.Ng3 d5 11.e5 Nd7 12.f4 g6 13.d4 cxd4 14.Nce2 b4 15.Nxd4 Nc5
16.Be3 a5 17.Nge2 Ne4 18.Qe1 Ba6 19.Rf3 Bc5 20.Rd1 Qb6 21.Nc1 Rc8 22.g4 h5
23.Rh3 Kd7 24.g5 Ke7 25.Nce2 Bxe2 26.Qxe2 Rc7 27.Qd3 Rhc8 28.Rc1 Kf8 29.Kg2 Qb7
30.Rf3 Bxd4 31.Bxd4 Rc6 32.Re3 Ke7 33.Re2 Qa6 34.Qxa6 Rxa6 35.c4 Rac6 36.Ra1 Ra8
37.Kf3 Kd7 38.Ke3 Nc5 39.Bxc5 Rxc5 40.cxd5 exd5 41.f5 gxf5 42.Kd4 Rac8 43.Rf1 Rc2
44.Rxc2 Rxc2 45.Rxf5 Rd2+ 46.Kc5 Ke7 47.h4 Rxb2 48.Kxd5 Rxb3 49.g6 fxg6 50.Rf6 Rd3+
51.Ke4 Rd8 52.Ra6 Rb8 53.Ra7+ Kf8 54.Rxa5 b3 55.Ra1 b2 56.Rb1 Rb4+ 57.Kd5 Ke7
58.Kc5 Rb7 59.Kd5 Rb8 60.Ke4 Ke6 61.Kf4 Rb5 62.Kg5 Kxe5 63.Kxg6 Kf4  0-1

[Event "12th Neckar Open A"]
[Site "Deizisau GER"]
[Date "2008.03.20"]
[Round "1"]
[White "Chernov,Va"]
[Black "Ebert,Manu"]
[Result "1-0"]
[WhiteElo "2505"]
[BlackElo "2113"]

1.e4 c5 2.Nc3 Nc6 3.Bb5 g6 4.Bxc6 bxc6 5.d3 Bg7 6.Nge2 Rb8 7.O-O d6 8.Rb1 Nf6
9.h3 O-O 10.Be3 Qa5 11.Qd2 Re8 12.f4 d5 13.Nxd5 Qxd2 14.Nxf6+ Bxf6 15.Bxd2 Rxb2
16.Rxb2 Bxb2 17.Rb1 Bd4+ 18.Kf1 Ba6 19.Rb3 Bb5 20.Ra3 Bb2 21.Rxa7 c4 22.d4 c5
23.c3 Bc6 24.d5 Ba8 25.Rd7 e6 26.dxe6 fxe6 27.Ng3 h5 28.h4 Bc6 29.Rd6 Ba8
30.Ke2 Kf7 31.Rd7+ Kf8 32.Kf3 Bc6 33.Rd6 Ba4 34.e5 Bd1+ 35.Ke3 Ke7 36.Ne4 Ra8
37.Nxc5 Bg4 38.Ne4 Rxa2 39.Rc6 Ra1 40.Rxc4 Rh1 41.Nf2 Rxh4 42.Nd3 Ba1 43.Ra4 Rh1
44.Be1 Bb2 45.Kf2 Rxe1 46.Nxe1 Bxc3 47.Ra7+ Kf8 48.Nf3 Bb2 49.Rb7 Bc1 50.Nh4 g5
51.fxg5 Bxg5 52.Nf3 Bf4 53.g3 Bc1 54.Nh4 Kg8 55.Ng6 Bg5 56.Nh4 Bc1 57.Ng2 Ba3
58.Ke3 Bc1+ 59.Ke4 Bg5 60.Ne3 Be2 61.Rb2 Ba6 62.Rb6 Bxe3 63.Rxa6 Bf2  1-0

[Event "39th Open"]
[Site "Mar del Plata ARG"]
[Date "2008.03.20"]
[Round "7"]
[White "Fernandez,Jor2"]
[Black "Celestino,G"]
[Result "1/2-1/2"]
[WhiteElo "2012"]
[BlackElo "2167"]

1.e4 c5 2.Nc3 Nc6 3.Bb5 d6 4.f4 e6 5.Nf3 Bd7 6.O-O Nf6 7.Kh1 Be7 8.d3 O-O
9.Ne2 a6 10.Bxc6 Bxc6 11.Ng3 b5 12.Qe2 Qc7 13.b3 Nd7 14.Bb2 Bf6 15.Bxf6 Nxf6
16.f5 Rae8 17.fxe6 fxe6 18.Rae1 e5  1/2-1/2

[Event "ch-Siberia"]
[Site "Novokuznetsk RUS"]
[Date "2008.03.20"]
[Round "8"]
[White "Sambursky,V"]
[Black "Susliakov,D"]
[Result "0-1"]
[WhiteElo "2263"]
[BlackElo "2166"]

1.e4 c5 2.Nc3 Nc6 3.Nf3 d6 4.d4 cxd4 5.Nxd4 Nf6 6.Be2 e5 7.Nb3 Be7 8.O-O Be6
9.f4 exf4 10.Bxf4 O-O 11.Kh1 a6 12.Nd4 Nxd4 13.Qxd4 Qc7 14.e5 dxe5 15.Bxe5 Rfd8
16.Qe3 Bd6 17.Bxf6 gxf6 18.Bd3 Kg7 19.Qe4 Be5 20.Qh4 h6 21.Rae1 Rd4 22.Re4 Rad8
23.Qf2 f5 24.Re3 Bxh2 25.Ne2 Be5 26.Nxd4 Rxd4 27.Qe1 Bf4 28.Ref3 Bg5 29.Qc3 Qe5
30.Re1 Qd6 31.Kg1 Bf6 32.Qd2 Rh4 33.c3 Qh2+ 34.Kf2 Rg4 35.Rg1 Bd5 36.Be2 Bxf3
37.Bxf3 Bh4+ 38.Kf1 Rf4 39.Qe2 Qg3 40.Rh1 Ra4 41.a3 Ra5 42.Rh3 Qf4 43.Kg1 Re5
44.Rxh4 Qc1+ 45.Kf2 Rxe2+ 46.Kxe2 Qxb2+ 47.Kd3 Qb1+ 48.Kd2 b5 49.a4 Qa2+
50.Kd3 bxa4 51.Rb4 a3 52.Rb6 Qf2 53.Rxa6 Qf1+ 54.Be2 Qb1+  0-1

[Event "SCT Ladies Open"]
[Site "Stockholm SWE"]
[Date "2008.03.20"]
[Round "1"]
[White "Krivec,J"]
[Black "Hitzgerova,G"]
[Result "1-0"]
[WhiteElo "2345"]
[BlackElo "2165"]

1.e4 c5 2.Nc3 Nc6 3.Bb5 Nd4 4.Bc4 g6 5.Nf3 Bg7 6.Nxd4 cxd4 7.Qf3 e6 8.Nb5 d6
9.Qa3 Ke7 10.c3 dxc3 11.dxc3 a6 12.Nd4 Qc7 13.Bd3 Qc5 14.b4 Qc7 15.Be3 e5
16.Ne2 Bh6 17.Bxh6 Nxh6 18.c4 Rd8 19.Qc1 Ng8 20.O-O Be6 21.Nc3 Rac8 22.Nd5+ Bxd5
23.exd5 f5 24.Qg5+ Kf8 25.Rac1 Qe7 26.Qe3 Kg7 27.f3 Nf6 28.Rfe1 Re8 29.a3 Qc7
30.Bb1 Qd8 31.Red1 e4 32.fxe4 fxe4 33.Rf1 Qe7 34.Rf4 b5 35.Rcf1 Rf8 36.cxb5 axb5
37.Ba2 Qe5 38.Qb6 Rc2 39.Bb1 Rcc8 40.Qb7+ Kh6 41.Qxb5 Qd4+ 42.Kh1  1-0

[Event "2nd Agzamov Memorial"]
[Site "Tashkent UZB"]
[Date "2008.03.20"]
[Round "2"]
[White "Faizulaev,A"]
[Black "Zubarev,Al1"]
[Result "0-1"]
[WhiteElo "2239"]
[BlackElo "2491"]

1.e4 c5 2.Nf3 Nc6 3.Nc3 d6 4.d4 cxd4 5.Nxd4 Nf6 6.Bc4 Qb6 7.Nb3 e6 8.Be3 Qc7
9.f4 a6 10.Bd3 b5 11.Qf3 Bb7 12.O-O Be7 13.a3 O-O 14.Rae1 b4 15.Na4 bxa3
16.bxa3 Rfe8 17.Qh3 g6 18.f5 exf5 19.exf5 Ne5 20.Bg5 Nd5 21.f6 Bxf6 22.Rxf6 Nxd3
23.Rxe8+ Rxe8 24.Rxg6+ hxg6 25.Qxd3 Qc6 26.Na5 Qxa4 27.Nxb7 Qc6 28.c4 Qxb7
29.cxd5 Re1+ 30.Kf2 Re5  0-1

[Event "Romanian Young Int"]
[Site "Bucharest ROM"]
[Date "2008.03.21"]
[Round "8"]
[White "Burnoiu,N1"]
[Black "Filev,G"]
[Result "1-0"]
[WhiteElo "2435"]
[BlackElo "2353"]

1.e4 c5 2.Nf3 Nc6 3.Nc3 Nf6 4.Bb5 d6 5.e5 dxe5 6.Nxe5 Qd6 7.Nxc6 bxc6 8.Qf3 Bd7
9.Bc4 g6 10.d3 Bg7 11.O-O O-O 12.Bf4 e5 13.Be3 Bg4 14.Qg3 Bf5 15.Na4 Nd7
16.f3 Rfe8 17.Qf2 Bf8 18.Nc3 Qb8 19.Ne4 Be6 20.b3 Qb6 21.Bxe6 Rxe6 22.Rae1 Rae8
23.Nd2 f5 24.Nc4 Qd8 25.Re2 Qe7 26.Rfe1 Nb6 27.Bc1 Nxc4 28.bxc4 Qc7 29.Bb2 Bd6
30.f4 e4 31.g3 Qa5 32.a3 Qb6 33.Ba1 Qa5 34.dxe4 Rxe4 35.Rxe4 Rxe4 36.Rxe4 fxe4
37.Qe3 Kf7 38.Kg2 Be7 39.Bb2 Bf6 40.Bxf6 Kxf6 41.g4 Kg7 42.Kg3 h6 43.h4 Kf6
44.Kf2 Kf7 45.g5 hxg5 46.fxg5 Kg7 47.Ke2 Qc7 48.Qxe4 Qd6 49.Kf3 a6 50.Qd3 Qe6
51.Qc3+ Kf7 52.Kf2 Kg8 53.Qd3 Kg7 54.Qe2 Qd6 55.Qe4 Kg8 56.Qd3 Qh2+ 57.Kf1 Qh1+
58.Ke2 Qg2+ 59.Kd1 Qg1+ 60.Kd2 Qf2+ 61.Kc3 Kg7 62.Qd7+ Kf8 63.Qxc6 Qe1+ 64.Kb2 Qe5+
65.Ka2 Kf7 66.Qxa6 Qe4 67.Qf6+ Kg8 68.Qd8+ Kh7 69.Qd7+ Kg8 70.Qd5+  1-0

[Event "12th Neckar Open A"]
[Site "Deizisau GER"]
[Date "2008.03.21"]
[Round "3"]
[White "Fedorchuk,S"]
[Black "Bejtovic,J"]
[Result "1-0"]
[WhiteElo "2652"]
[BlackElo "2353"]

1.e4 c5 2.Nf3 Nc6 3.Nc3 g6 4.Bb5 Bg7 5.Bxc6 dxc6 6.h3 Nf6 7.d3 O-O 8.Bf4 Ne8
9.Qd2 Nc7 10.Bh6 Re8 11.h4 e5 12.Bxg7 Kxg7 13.h5 Qf6 14.Rh4 Ne6 15.hxg6 hxg6
16.Qh6+ Kg8 17.O-O-O Qg7 18.Qe3 Qf6 19.Rdh1 Kf8 20.Ne2 Ke7 21.c3 Rd8 22.g4 Nf4
23.Nxf4 Qxf4 24.Qxf4 exf4 25.Kc2 g5 26.Nxg5 Rg8 27.Nh3 Bxg4 28.Nxf4 Bf3 29.R1h3 Rg4
30.Kd2 c4 31.Rxg4 Bxg4 32.Rg3 Be6 33.Nxe6 Kxe6 34.dxc4 Rh8 35.a4 Rh2 36.Rf3 Rh1
37.a5 Ra1 38.Rf5 b6 39.b4 Ra2+ 40.Ke3 Ra1 41.axb6 axb6 42.c5 b5 43.Rh5 Re1+
44.Kf4 Rc1 45.Rh6+ f6 46.e5 Rxc3 47.Rxf6+  1-0

[Event "SCT Ladies Open"]
[Site "Stockholm SWE"]
[Date "2008.03.21"]
[Round "3"]
[White "Krivec,J"]
[Black "Ionica,I"]
[Result "1-0"]
[WhiteElo "2345"]
[BlackElo "2251"]

1.e4 c5 2.Nc3 Nc6 3.Bb5 Nd4 4.Bc4 e6 5.Nge2 Nf6 6.O-O a6 7.a4 d5 8.exd5 exd5
9.Ba2 Be7 10.d3 Nxe2+ 11.Qxe2 O-O 12.Nxd5 Nxd5 13.Bxd5 Qxd5 14.Qxe7 Be6 15.Qh4 Rac8
16.Qg3 Rc6 17.Bh6 Qd4 18.c3 Qf6 19.Bf4 Bf5 20.Be5 Qh6 21.Rfe1 Rg6 22.Qf3 Bd7
23.d4 Qd2 24.Qe2 Qg5 25.Bg3 cxd4 26.cxd4 Bc6 27.Qe5 Qd8 28.f3 h5 29.Qf4 Qb6
30.Re2 Rd8 31.Bf2 Qb3 32.Ra3 Qd1+ 33.Re1 Qc2 34.Qc1 Qf5 35.Re5 Qf6 36.Kh1 Rd5
37.Qe1 h4 38.Bxh4 Qf4 39.Bf2 Rh6 40.h3 Rg6 41.Qe3 Qf6 42.Rxd5 Bxd5 43.Qe5 Qd8
44.Re3 Be6 45.Rc3 Qd7 46.Rc7 Qxa4 47.Rxb7 Qd1+ 48.Qe1 Qd3 49.Rb8+ Kh7 50.Kh2 Qc2
51.Kh1 Qd3 52.Be3 Rf6 53.Qh4+ Kg6 54.Qg5+ Kh7 55.Qh5+ Rh6 56.Bxh6 gxh6 57.Qe5 Bxh3
58.Rh8+ Kg6 59.Rg8+  1-0

[Event "SCT Ladies Open"]
[Site "Stockholm SWE"]
[Date "2008.03.21"]
[Round "3"]
[White "Hunt,H"]
[Black "Melia,S"]
[Result "1/2-1/2"]
[WhiteElo "2457"]
[BlackElo "2362"]

1.e4 c5 2.Nc3 Nc6 3.Bb5 Nd4 4.Bc4 e6 5.Nge2 Nf6 6.O-O a6 7.d3 b5 8.Bb3 Nxb3
9.axb3 b4 10.Nb1 d5 11.e5 Nd7 12.f4 Be7 13.Nd2 O-O 14.Nf3 a5 15.Ng3 Nb8 16.Be3 Nc6
17.Qe2 Qc7 18.Qf2 d4 19.Bd2 f5 20.exf6 Bxf6 21.Ne4 Ne7 22.Rfe1 Ng6 23.g3 Bb7
24.Nfg5 Qc6 25.Nxe6 Qxe6 26.f5 Qd5 27.fxg6 hxg6 28.Qe2 Be7 29.Qg4 Bc8 30.Qe2 Bh3
31.Bf4 Rf7 32.Qf3 Rd8 33.Nd2 Qf5 34.Qe4 Qf6 35.Nf3 Bf5 36.Qe2 Bg4 37.h4 Qf5
38.Qg2 Bd6 39.Ng5 Rfd7 40.Bxd6 Rxd6 41.Rxa5 Rf8 42.Re4 Rdf6 43.Rf4 Qe5 44.Rxf6 gxf6
45.Ne4 f5 46.Nf2 Re8 47.Ra8 Rxa8 48.Qxa8+ Kg7 49.Qb7+ Kh6 50.Nxg4+ fxg4 51.Qg2 Qe1+
52.Kh2 Kh7 53.Qb7+ Kh6 54.Qg2 Kh7 55.Qb7+  1/2-1/2

[Event "SCT Ladies Open"]
[Site "Stockholm SWE"]
[Date "2008.03.22"]
[Round "5"]
[White "Muzychuk,A"]
[Black "Melia,S"]
[Result "1-0"]
[WhiteElo "2460"]
[BlackElo "2362"]

1.e4 c5 2.Nc3 Nc6 3.Bb5 Nd4 4.Nf3 Nxb5 5.Nxb5 d6 6.d4 Nf6 7.Nc3 cxd4 8.Qxd4 e5
9.Qd3 h6 10.Nd2 Be6 11.Nc4 Rc8 12.Ne3 Qd7 13.O-O Be7 14.Bd2 O-O 15.f4 Qc6
16.Ncd5 Bxd5 17.exd5 Qc5 18.c4 e4 19.Qe2 b5 20.Rad1 bxc4 21.Bc3 Rfe8 22.Kh1 Qc7
23.Rd4 Qd7 24.Nxc4 Qg4 25.Qxg4 Nxg4 26.h3 Rxc4 27.hxg4 Rxd4 28.Bxd4 Bh4 29.Kh2 e3
30.g3 Bf6 31.Bxf6 gxf6 32.Re1 Rc8 33.Re2 Rc5 34.Kg2 Rxd5 35.Kf3 Ra5 36.b3 h5
37.gxh5 Rxh5 38.Kxe3 Rh3 39.Kf3 Rh1 40.Re8+ Kg7 41.Ra8 Rc1 42.Rxa7 Rc3+ 43.Ke4 Rxg3
44.Rb7 Rg2 45.a4 Ra2 46.Rb5 Kg6 47.a5 Ra3 48.b4 Ra4 49.Rb6 f5+ 50.Kd5 Kh5
51.Kxd6 Kg4 52.Kc5 Kxf4 53.Rf6 Ke4 54.a6 f4 55.b5 f3 56.Rxf7 Ke3 57.a7 f2
58.b6 Ke2 59.Kc6 f1=Q 60.Rxf1 Kxf1 61.Kb7  1-0

[Event "2nd Agzamov Memorial"]
[Site "Tashkent UZB"]
[Date "2008.03.22"]
[Round "3"]
[White "Tseshkovsky,V"]
[Black "Holmirzaev,B"]
[Result "1-0"]
[WhiteElo "2504"]
[BlackElo "2199"]

1.e4 c5 2.Nc3 Nc6 3.Bb5 a6 4.Bxc6 dxc6 5.d3 e5 6.Nge2 Bd6 7.O-O Ne7 8.f4 exf4
9.Bxf4 Bg4 10.Qe1 Ng6 11.Bxd6 Qxd6 12.Ng3 Qd4+ 13.Kh1 f6 14.Nf5 Bxf5 15.exf5+ Ne5
16.Qg3 O-O-O 17.Rf4 Qd7 18.Na4 Qd6 19.Qf2 Nd7 20.Re4 Rhe8 21.Rae1 Rxe4 22.Rxe4 b5
23.Re6 Qc7 24.Nxc5 Ne5 25.h3 a5 26.a4 Qb6 27.d4 Nd7 28.Qf3 Nb8 29.Qe4 bxa4
30.Re7 Qb5 31.Qe6+ Rd7 32.Kh2 Qf1 33.Re8+ Kc7 34.Qe3 Qxf5 35.Qg3+  1-0

[Event "67th ch-GEO KO"]
[Site "Tbilisi GEO"]
[Date "2008.03.23"]
[Round "3.3"]
[White "Mchedlishvili,M"]
[Black "Supatashvili,K"]
[Result "1-0"]
[WhiteElo "2635"]
[BlackElo "2466"]

1.e4 c5 2.Nc3 Nc6 3.Bb5 Nd4 4.Bc4 e6 5.Nf3 Nf6 6.O-O a6 7.d3 b5 8.Bb3 Nxb3
9.axb3 Bb7 10.Bg5 h6 11.Bh4 Be7 12.e5 Nd5 13.Ne4 O-O 14.Nxc5 Bc6 15.Bxe7 Qxe7
16.Ne4 f5 17.exf6 gxf6 18.Nd4 Bb7 19.Qg4+ Kh7 20.Qh4 Rg8 21.c4 bxc4 22.bxc4 Rxg2+
23.Kxg2 f5 24.Qxe7+ Nxe7 25.f3  1-0

[Event "TCh-FRA Top 16 Gp B"]
[Site "Cannes FRA"]
[Date "2008.03.24"]
[Round "3"]
[White "Netzer,Je"]
[Black "Vincent,S"]
[Result "1-0"]
[WhiteElo "2387"]
[BlackElo "2235"]

1.e4 c5 2.Nc3 Nc6 3.Bb5 Nd4 4.Bc4 g6 5.Nf3 Bg7 6.Nxd4 cxd4 7.Qf3 Nh6 8.Ne2 O-O
9.h3 b5 10.Bb3 Bb7 11.d3 e5 12.h4 Kh8 13.Bg5 Qa5+ 14.Bd2 Qd8 15.Bg5 Qa5+
16.Bd2 Qd8 17.h5 g5 18.Qg3 f6 19.a4 d5 20.f3 a6 21.O-O Qd7 22.Ra2 Bc6 23.axb5 axb5
24.Rfa1 Rxa2 25.Rxa2 Ra8 26.Rxa8+ Bxa8 27.Bb4 Kg8 28.Qe1 g4 29.Qa1 Bc6 30.exd5 Bb7
31.Qa7 Bf8 32.Bxf8 Kxf8 33.Qb6 Kg7 34.fxg4 Nxg4 35.Ng3 Ba8 36.Qe6 Qxe6 37.dxe6 Ne3
38.e7 Bc6 39.Be6 Be8 40.Ne4 Bxh5 41.Nd6 Nxc2 42.g4 Bg6 43.Bf5 Bf7 44.Bxh7 b4
45.Bf5 Ne3 46.e8=Q Bxe8 47.Nxe8+ Kh6 48.Nxf6 Kg5 49.Ne4+ Kf4 50.Be6 Nd1 51.g5  1-0

[Event "ch-SRB"]
[Site "Mataruska Banja SRB"]
[Date "2008.03.24"]
[Round "9"]
[White "Leskur,D"]
[Black "Bogosavljevic,B"]
[Result "0-1"]
[WhiteElo "2468"]
[BlackElo "2492"]

1.e4 c5 2.Nf3 Nc6 3.Nc3 Nf6 4.d4 cxd4 5.Nxd4 d6 6.f3 e5 7.Nb3 Be7 8.Be3 O-O
9.Qd2 a5 10.Bb5 Na7 11.Bd3 Nc6 12.Bb5 Na7 13.Bd3 Be6 14.Rd1 Nc8 15.O-O Nb6
16.Qf2 Nc4 17.Bxc4 Bxc4 18.Rfe1 Qc8 19.a4 Qe6 20.Nd2 Rfc8 21.Nxc4 Qxc4 22.Rd3 Qb4
23.Rb1 Ra6 24.Rd5 Qc4 25.Rb5 Qc6 26.Rd1 h6 27.Rd2 Qd7 28.Nb1 d5 29.exd5 Bb4
30.c3 Bd6 31.h3 Nh5 32.g4 Nf4 33.Bxf4 exf4 34.Re2 Bb8 35.Kg2 Ba7 36.Qe1 Be3
37.Na3 h5 38.gxh5 Rh6 39.d6 Qxd6 40.Nc2 Rc5 41.Nxe3 Rxb5 42.axb5 fxe3 43.Rxe3 Rxh5
44.Re8+ Kh7 45.Qe4+ g6 46.Qd4 Rg5+ 47.Kf1 Qxd4 48.cxd4 Rxb5 49.Re2 Rb3 50.Kf2 Kg7
51.Rd2 Kf6 52.Kg3 Ke6 53.h4 b5 54.d5+ Kd6 55.Kg4 a4 56.f4 b4 57.f5 a3 58.bxa3 bxa3
59.fxg6 fxg6 60.Kg5 Rb2 61.Rd3 a2 62.Ra3 Rg2+ 63.Kf6 Kxd5 64.Ra4 Kc5 65.Kg7 Kb5
66.Ra8 Kb4 67.Rxa2 Rxa2 68.Kxg6 Rg2+ 69.Kf6 Rh2 70.Kg5 Kc5 71.h5 Kd4  0-1

[Event "Spring Open"]
[Site "Belgrade SCG"]
[Date "2008.03.25"]
[Round "1"]
[White "Svetac,N"]
[Black "Kovacevic,Bo"]
[Result "1-0"]
[WhiteElo "2341"]
[BlackElo "1898"]

1.e4 c5 2.Nf3 Nc6 3.Nc3 g6 4.d4 cxd4 5.Nxd4 Bg7 6.Be3 Nf6 7.Nxc6 bxc6 8.e5 Nd5
9.Nxd5 cxd5 10.Qxd5 Rb8 11.O-O-O Bb7 12.Qd2 Bxe5 13.Bd4 f6 14.Bxe5 fxe5 15.Bb5 Bc6
16.Bxc6 dxc6 17.Qxd8+ Rxd8 18.Rxd8+ Kxd8 19.Re1 Rf8 20.f3  1-0

[Event "Palace Hotel Open"]
[Site "Heviz HUN"]
[Date "2008.03.25"]
[Round "6"]
[White "Kernazhitsky,L"]
[Black "Takacs,B"]
[Result "1/2-1/2"]
[WhiteElo "2338"]
[BlackElo "2269"]

1.e4 c5 2.Nc3 Nc6 3.Bb5 Nd4 4.Bc4 e6 5.Nf3 Nf6 6.O-O a6 7.e5 d5 8.exf6 dxc4
9.fxg7 Bxg7 10.d3 cxd3 11.cxd3 Bd7 12.Nxd4 Bxd4 13.Ne4 Bc6 14.Bg5 Qc7 15.Qe2 Rg8
16.Bh4 Qf4 17.Bg3 Bxe4 18.dxe4 Qg4 19.Rfe1 h5 20.Qxg4 Rxg4 21.Kf1 e5 22.Rac1 b5
23.f3 Rg6 24.Bf2 c4 25.Rc2 Rc6 26.Rd1 Rd8 27.Be1 Ke7 28.Bh4+ f6 29.Be1 Ke6
30.g3 f5 31.exf5+ Kxf5 32.Re2 Rcd6 33.Kg2 Bc5 34.Rxd6 Rxd6 35.h3 Rd3 36.g4+ hxg4
37.hxg4+ Ke6 38.f4 Be3 39.fxe5 Bf4 40.Re4 Bc1 41.Re2 Bf4 42.Re4 Bc1  1/2-1/2

[Event "ITT Cinco Soles"]
[Site "Pinamar ARG"]
[Date "2008.03.25"]
[Round "1"]
[White "Rodi,L"]
[Black "Fusco,L"]
[Result "1/2-1/2"]
[WhiteElo "2366"]
[BlackElo "2313"]

1.e4 c5 2.Nc3 Nc6 3.Bb5 Nd4 4.Bc4 g6 5.Nf3 Bg7 6.Nxd4 cxd4 7.Qf3 Nh6 8.Ne2 O-O
9.h3 e6 10.d3 f5 11.Qg3 b5 12.Bb3 Bb7 13.O-O fxe4 14.dxe4 Nf7 15.Re1  1/2-1/2

[Event "Palace Hotel Open"]
[Site "Heviz HUN"]
[Date "2008.03.26"]
[Round "7"]
[White "Sanchez Guirado,F"]
[Black "Horvath,Im1"]
[Result "1/2-1/2"]
[WhiteElo "2414"]
[BlackElo "2310"]

1.e4 c5 2.Nc3 Nc6 3.Bb5 Nd4 4.Bc4 e6 5.Nf3 a6 6.a4 Nf6 7.O-O Qc7 8.d3 Ng4
9.g3 h5 10.Bf4 Bd6 11.Bxd6 Qxd6 12.Nxd4 cxd4 13.Nb1 b6 14.Nd2 Bb7 15.Qe2 Rc8
16.c3 Ne5 17.Rfc1 h4 18.f4 dxc3 19.bxc3 Nxc4 20.Nxc4 Rxc4 21.dxc4 hxg3 22.hxg3 Qc5+
23.Kg2 Qf5 24.Re1 g5 25.fxg5 Qxg5 26.Qe3 Qg4 27.Qf4 Qxf4 28.gxf4 f5 29.Rab1 Bxe4+
30.Rxe4 fxe4 31.Rxb6 Rh5 32.Rxa6 Rc5 33.Kf2 Rxc4 34.Ke3 Ke7 35.a5 Kf6 36.Rd6 Ke7
37.Rb6 d5 38.Kd2 Kf6 39.a6 Ra4 40.Rc6 Kf5 41.Ke3 Ra1 42.Rb6 Ra3 43.Rc6 Ra4
44.Rb6 Ra3 45.Rc6 e5 46.fxe5 Kxe5 47.Kd2 Ra4 48.Ke3 Ra5 49.Rh6 Ra3 50.Kd2 Kf4
51.Rf6+ Ke5 52.Rc6 d4 53.cxd4+ Kxd4 54.Rd6+ Kc5 55.Rh6 e3+ 56.Ke2 Kb5  1/2-1/2

[Event "IRT Cinco Soles"]
[Site "Pinamar ARG"]
[Date "2008.03.26"]
[Round "2"]
[White "Romero,Fa"]
[Black "Ravier,O"]
[Result "0-1"]
[WhiteElo "2008"]
[BlackElo "1751"]

1.e4 c5 2.Nf3 Nc6 3.Nc3 d6 4.Bc4 e6 5.d3 a6 6.a4 Be7 7.h4 Nf6 8.Rh3 d5 9.Bb3 dxe4
10.Ng5 exd3 11.Rxd3 Qc7 12.f4 Na5 13.Ba2 h6 14.Nh3 Bd7 15.Qe2 Nc6 16.Be3 Nb4
17.Rd2 Nxa2 18.Nxa2 Ne4 19.Qg4 Nxd2 20.Qxg7 O-O-O 21.Nc3 Nc4 22.Bf2 Nd6 23.O-O-O Bc6
24.g3 b6 25.Ng1 h5 26.Nh3 f6 27.a5 Rdg8 28.axb6 Rxg7 29.bxc7 Kxc7 30.Re1 Nb5
31.Rxe6 Nxc3 32.bxc3 Bd7 33.Rxa6 Bxh3 34.Ra7+ Kc6 35.Ra6+ Kb5 36.Ra7 Rc8
37.Kb2 Rf8 38.c4+ Kxc4 39.Ra4+ Kd5 40.c4+ Kc6 41.Ra6+ Kd7 42.f5 Rg4 43.Ra4 Re4
44.Bg1 Bxf5 45.Kc3 Bd6  0-1

[Event "ITT Cinco Soles"]
[Site "Pinamar ARG"]
[Date "2008.03.27"]
[Round "3"]
[White "Walsh,H"]
[Black "Barrionuevo,P"]
[Result "1-0"]
[WhiteElo "2135"]
[BlackElo "2373"]

1.e4 c5 2.Nf3 Nc6 3.Nc3 g6 4.d4 cxd4 5.Nxd4 Bg7 6.Be3 d6 7.f3 Nf6 8.Qd2 O-O
9.Bc4 Bd7 10.Bb3 Nxd4 11.Bxd4 b5 12.a3 a5 13.Nd5 Nxd5 14.Bxg7 Kxg7 15.exd5 Rc8
16.O-O-O Qc7 17.Kb1 Rb8 18.Rhe1 Rfe8 19.Re4 a4 20.Ba2 Bf5 21.Re2 Qc5 22.g4 Bc8
23.c3 Rb7 24.Ka1 Rc7 25.Rde1 Bb7 26.h4 f6 27.f4 Bc8 28.Rg2 f5 29.g5 Rf8 30.Rh1 Kf7
31.h5 Ke8 32.Qe2 Kd8 33.Rgh2 Bd7 34.hxg6 hxg6 35.Rh6 Be8 36.Rh8 Rxh8 37.Rxh8 b4
38.axb4 Qg1+ 39.Bb1 a3 40.Qb5 axb2+ 41.Kxb2 Qh2+ 42.Rxh2 Bxb5 43.Rh8+ Be8
44.Bd3 Rb7 45.Ba6 Rb6 46.Bc4 Rb8 47.Bb3 Kc7 48.Rh7 Kd8 49.Rg7 Ra8 50.c4 Kd7
51.Kc3 Ra1 52.Kb2 Ra7 53.c5 dxc5 54.bxc5 Ra5 55.c6+ Kd6 56.Rg8 Ra8 57.Kc3 Kc5
58.Rg7 Kd6 59.Kd4 Ra3 60.Kc3 Ra7 61.Kb4 Ra8 62.Rg8 Rb8+ 63.Kc4 Ra8 64.Kb4 Rb8+
65.Ka5 Kc5 66.Ka6 Rb6+ 67.Ka7 Rxb3 68.Rxe8  1-0

[Event "ITT Cinco Soles"]
[Site "Pinamar ARG"]
[Date "2008.03.27"]
[Round "3"]
[White "Rodi,L"]
[Black "Cubas,Jo"]
[Result "0-1"]
[WhiteElo "2366"]
[BlackElo "2451"]

1.e4 c5 2.Nc3 Nc6 3.Bb5 Nd4 4.Bc4 e6 5.Nf3 a6 6.d3 b5 7.Bb3 Bb7 8.Nxd4 cxd4
9.Ne2 Bc5 10.O-O Ne7 11.f4 f5 12.Ng3 O-O 13.Qe1 Qe8 14.Bd2 h5 15.Bb4 Bxb4
16.Qxb4 h4 17.Nxf5 Rxf5 18.exf5 Nxf5 19.Qd2 Qg6 20.h3 Rf8 21.Rf2 Qg3 22.Re1 Ne3
23.Ree2 Rf5 24.Qb4 Bxg2 25.Rxg2 Nxg2 26.Rxg2 Qe3+ 27.Kh2 Qxf4+ 28.Kh1 Qc1+
29.Rg1 Qe3 30.Qd6 Rf3 31.Bxe6+ Qxe6 32.Qxe6+ dxe6 33.Kh2 Rf2+ 34.Rg2 Rxg2+
35.Kxg2 Kf7 36.Kf3 Kf6 37.Ke4 e5 38.c4 bxc4 39.dxc4 g5 40.b4 g4 41.b5 gxh3  0-1